| 000 | 00780nam a2200217Ia 4500 | ||
|---|---|---|---|
| 003 | OSt | ||
| 005 | 20231219171915.0 | ||
| 008 | 191128t2008 ck a ar 000 j sp d | ||
| 020 | _a9789583026317 | ||
| 040 |
_aCO-JMCR _cCO-JMCR _dCO-JMCR _erda |
||
| 041 | 0 | _aspa | |
| 082 | 0 | 4 |
_aA _bPEQp |
| 245 | 1 | 3 | _aEl pequeño gnomo |
| 260 |
_aBogotá : _bPanamericana, _c©2008 |
||
| 300 |
_a12 páginas : _bilustraciones a color ; _c21 cm. |
||
| 520 | _aNarra las aventuras del pequeño gnomo. Este personaje con sus amenas historias van dejando a los niños mensajes de amistad, tolerancia y comprensión. Valores fundamentales en el aprendizaje del niño. | ||
| 650 | 1 | 4 |
_aCuentos infantiles _91118 |
| 650 | 1 | 4 |
_aÁlbum _91119 |
| 650 | 1 | 4 |
_aCuentos _xgnomos _943093 |
| 942 |
_2ddc _cBK |
||
| 999 |
_c3494 _d3494 |
||